| 000 | 00716cam a2200241 4500 | ||
|---|---|---|---|
| 005 | 20260322212051.0 | ||
| 008 | data | ||
| 010 | _a 74171317 | ||
| 040 |
_aDLC _cDLC _dDLC |
||
| 041 | 1 | _aengmul | |
| 050 | 0 | 0 |
_aPM197.E3 _bR6 |
| 082 | 0 | 0 |
_a897 _219 |
| 092 | _a897 R6 1972 | ||
| 100 | 1 |
_aRothenberg, Jerome, _d1931- _ecomp. |
|
| 245 | 1 | 0 |
_aShaking the pumpkin; _btraditional poetry of the Indian North Americas. _cJerome Rothenberg. |
| 250 | _a[1st ed.] | ||
| 260 |
_aGarden City, N.Y., _bDoubleday, _c1972. |
||
| 300 |
_axxvi, 475 p. _billus. _c22 cm. |
||
| 350 | _a{dollar}8.95 | ||
| 504 | _aIncludes bibliographical references. | ||
| 650 | 0 |
_aIndian poetry _zNorth America _xTranslations into English. |
|
| 001 | data | ||
| 999 |
_c1209 _d1209 |
||